Analýza disparít medzi regiónmi SR vo vybraných ukazovateľoch súčasných trendov v regionálnom rozvoji bakalárska práca

Salvato in:
Dettagli Bibliografici
Autore principale: Ridzoň, Ľubomír
Ente Autore: Národohospodárska fakulta EU. Katedra financií
Altri autori: Neupauerová, Zuzana
Natura: Libro
Lingua:slovacco
Pubblicazione: Bratislava 2012
Tags: Aggiungi Tag
Nessun Tag, puoi essere il primo ad aggiungerne!!

MARC

LEADER 00000nbm a2200000 4500
001 0155899
005 20161109111924.3
041 0 |a slo 
044 |a SK 
245 1 0 |a Analýza disparít medzi regiónmi SR vo vybraných ukazovateľoch súčasných trendov v regionálnom rozvoji  |b bakalárska práca  |c Ľubomír Ridzoň ; školiteľ: Zuzana Neupauerová 
264 1 |a Bratislava  |c 2012 
300 |a 51 s. 
100 1 |a Ridzoň, Ľubomír 
700 1 |a Neupauerová, Zuzana 
710 2 |a Národohospodárska fakulta EU. Katedra financií